• 首页
  • 本馆介绍
  • 公告通知
  • 最新文献
  • 馆藏检索
  • 电子资源
  • 读者导购
  • 参考咨询
  • 我的图书馆
  • 登录
  • 详细信息显示
  • 放入我的书架
  • 预约/预借图书
  • 作者相关作品
  • 分类相关作品
  • 丛书相关作品
  • 出版社相关作品

书目信息

  • 表格格式
  • 工作单格式
  • 卡片格式
题名:
小石山房印谱
    
 
作者: 顾湘 , 顾浩 编辑
分册:  
出版信息: 北京   北京市中国书店  1985
页数: 1册
开本: 19cm
丛书名:
单 册:
中图分类: J292.42
科图分类:
主题词: 印谱--中国--清代
电子资源:
ISBN:
000 00661nam0 2200253 45
001 0185009283
005 20040520100946.9
010    @dCNY4.50
100    @a19900918d1985 em y0chiy0121 ea
101 0  @achi
102    @aCN@b110000
105    @ay z 000yy
106    @ar
200 10 @a小石山房印谱@Axiao shi shan fang yin pu@f顾湘, 顾浩编辑
205    @b影印本
210    @a北京@c北京市中国书店@d1985
215    @a1册@d19cm
606    @a印谱@y中国@z清代
690    @aJ292.42@v3
701  0 @a顾湘@Agu xiang@4编辑
701  0 @a顾浩@Agu hao@4编辑
801  0 @aCN@b深圳图书馆@c20040520
801  2 @aCN@bNLC@c20040520
905    @f1@b145009@dJ292.42@e108
    
    小石山房印谱/顾湘, 顾浩编辑.-影印本.-北京:北京市中国书店,1985
    1册;19cm
    
    
    ISBN :CNY4.50
    
●
相关链接 在E读中查询图书 在五车中查询图书 在当当中查询图书 在豆瓣中查询图书


正题名:小石山房印谱     索取号:J292.42/108         预约/预借

序号 登录号 条形码 馆藏地/架位号 状态 备注
1 0145009   000792690   第一借阅区/ [索取号:J292.42/108] 在馆    
2 0145010   000792869   第一样本阅览室/ [索取号:J292.42/108] 在馆    
唐山师范学院图书馆 欢迎您!
大连网信软件有限公司© 版权所有